[Event "1st Sivas Buruciye Open 2019"]
[Site "Sivas"]
[Date "2019.08.20"]
[Round "3"]
[White "Babayev, Talib"]
[Black "Yarashov, Azat"]
[Result "0-1"]
[WhiteElo "2288"]
[BlackElo "2156"]
[Annotator "NA"]
[PlyCount "72"]
[EventDate "2019.08.19"]
[EventType "swiss"]
[EventCountry "TUR"]
[SourceTitle "playchess.com"]
[Source "ChessBase"]
[SourceQuality "1"]
[TimeControl "5400+30"]

1. Nc3 {[%emt 0:00:30]} g6 {[%emt 0:05:30]} 2. Nf3 {[%emt 0:00:30]} Bg7 {[%emt 0:00:30]} 3. g3 {[%emt 0:00:00]} d5 {[%emt 0:00:30]} 4. e4 {[%emt 0:01:00]} dxe4 {[%emt 0:02:30]} 5. Nxe4 {[%emt 0:00:30]} Nd7 {[%emt 0:00:30]} 6. Bg2 {[%emt 0:01:30]} Ngf6 {[%emt 0:00:00]} 7. d3 {[%emt 0:00:00]} O-O {[%emt 0:01:00]} 8. O-O {[%emt 0:00:00]} c6 {[%emt 0:00:30]} 9. Qe2 {[%emt 0:01:30]} Nxe4 {[%emt 0:01:30]} 10. dxe4 {[%emt 0:01:30]} e5 {[%emt 0:00:30]} 11. b3 {[%emt 0:02:30]} Qa5 {[%emt 0:11:30]} 12. Bd2 {[%emt 0:01:30]} Qc7 {[%emt 0:00:30]} 13. Bb4 {[%emt 0:01:30]} Re8 {[%emt 0:00:30]} 14. Rad1 {[%emt 0:01:30]} c5 {[%emt 0:13:30]} 15. Bc3 {[%emt 0:00:30]} Nf8 {[%emt 0:00:30]} 16. Bb2 {[%emt 0:12:30]} Ne6 {[%emt 0:06:30]} 17. Qc4 {[%emt 0:12:30]} a6 {[%emt 0:18:30]} 18. a4 {[%emt 0:00:00]} b5 {[%emt 0:00:30]} 19. Qc3 {[%emt 0:11:00]} b4 {[%emt 0:10:30]} 20. Qe3 {[%emt 0:04:30]} Nd4 {[%emt 0:00:30]} 21. Nxd4 {[%emt 0:00:30]} cxd4 {[%emt 0:00:30]} 22. Qd2 {[%emt 0:00:30]} a5 {[%emt 0:00:30]} 23. f4 {[%emt 0:01:30]} f6 {[%emt 0:02:30]} 24. fxe5 {[%emt 0:03:30]} fxe5 {[%emt 0:00:00]} 25. Rf2 {[%emt 0:00:30]} Be6 {[%emt 0:03:00]} 26. Rdf1 {[%emt 0:03:30]} Rf8 {[%emt 0:00:30]} 27. Bc1 {[%emt 0:00:30]} Rxf2 {[%emt 0:00:30]} 28. Rxf2 {[%emt 0:00:30]} Rf8 {[%emt 0:00:30]} 29. Rxf8+ {[%emt 0:05:30]} Bxf8 {[%emt 0:02:54]} 30. Bf1 {[%emt 0:00:30]} Be7 {[%emt 0:00:02]} 31. h4 {[%emt 0:00:30]} Bc5 {[%emt 0:02:22]} 32. Bd3 {[%emt 0:00:30]} Be7 {[%emt 0:00:01]} 33. Kg2 {[%emt 0:00:30]} Qc8 {[%emt 0:00:32]} 34. Qf2 {[%emt 0:09:30]} Kg7 {[%emt 0:01:24]} 35. Bd2 {[%emt 0:01:30]} h6 {[%emt 0:01:03]} 36. Qf1 {[%emt 0:00:30]} Bh3+ {[%emt 0:00:22]} 0-1

[Event "1st Sivas Buruciye Open 2019"]
[Site "Sivas"]
[Date "2019.08.20"]
[Round "3"]
[White "Ghaffarifar, Matin"]
[Black "Bashirov, Teymur"]
[Result "0-1"]
[WhiteElo "2082"]
[BlackElo "2298"]
[Annotator "NA"]
[PlyCount "88"]
[EventDate "2019.08.19"]
[EventType "swiss"]
[EventCountry "TUR"]
[SourceTitle "playchess.com"]
[Source "ChessBase"]
[SourceQuality "1"]
[TimeControl "5400+30"]

1. d4 {[%emt 0:06:30]} Nf6 {[%emt 0:00:30]} 2. c4 {[%emt 0:00:30]} e6 {[%emt 0:00:30]} 3. Nc3 {[%emt 0:00:00]} Bb4 {[%emt 0:01:30]} 4. Qc2 {[%emt 0:00:00]} d5 {[%emt 0:00:30]} 5. cxd5 {[%emt 0:00:30]} exd5 {[%emt 0:01:30]} 6. Bg5 {[%emt 0:00:00]} h6 {[%emt 0:01:30]} 7. Bh4 {[%emt 0:03:00]} Bxc3+ {[%emt 0:00:30]} 8. bxc3 {[%emt 0:06:30]} c5 {[%emt 0:02:30]} 9. dxc5 {[%emt 0:01:30]} O-O {[%emt 0:01:30]} 10. e3 {[%emt 0:01:30]} Nbd7 {[%emt 0:01:30]} 11. Bd3 {[%emt 0:06:30]} Nxc5 {[%emt 0:03:30]} 12. Ne2 {[%emt 0:00:30]} Bd7 {[%emt 0:01:30]} 13. O-O {[%emt 0:07:30]} Re8 {[%emt 0:03:30]} 14. Rab1 {[%emt 0:07:30]} g5 {[%emt 0:07:30]} 15. Bg3 {[%emt 0:01:30]} Nxd3 {[%emt 0:00:30]} 16. Qxd3 {[%emt 0:00:30]} b6 {[%emt 0:00:00]} 17. Rb4 {[%emt 0:04:30]} Qe7 {[%emt 0:03:00]} 18. Rd4 {[%emt 0:07:30]} Rac8 {[%emt 0:05:30]} 19. h4 {[%emt 0:08:30]} Qe6 {[%emt 0:04:30]} 20. Rc1 {[%emt 0:03:30]} Rc5 {[%emt 0:02:30]} 21. hxg5 {[%emt 0:03:30]} hxg5 {[%emt 0:01:30]} 22. a4 {[%emt 0:03:30]} Bc8 {[%emt 0:04:30]} 23. Bh2 {[%emt 0:05:30]} Kg7 {[%emt 0:02:30]} 24. Rb4 {[%emt 0:01:58]} Ng4 {[%emt 0:02:30]} 25. Bg3 {[%emt 0:04:22]} Bd7 {[%emt 0:02:30]} 26. Rd4 {[%emt 0:05:38]} Rh8 {[%emt 0:03:30]} 27. f3 {[%emt 0:01:26]} Nxe3 {[%emt 0:01:30]} 28. Bf2 {[%emt 0:01:26]} Nc4 {[%emt 0:01:30]} 29. Rg4 {[%emt 0:01:11]} f6 {[%emt 0:04:30]} 30. Nf4 {[%emt 0:02:04]} Qf7 {[%emt 0:01:30]} 31. Rg3 {[%emt 0:02:09]} Ne5 {[%emt 0:01:30]} 32. Qd2 {[%emt 0:01:08]} Nc4 {[%emt 0:03:30]} 33. Qd4 {[%emt 0:01:07]} Kg8 {[%emt 0:01:30]} 34. Re1 {[%emt 0:00:33]} Rh4 {[%emt 0:01:30]} 35. Re7 {[%emt 0:03:00]} Qxe7 {[%emt 0:01:30]} 36. Nxd5 {[%emt 0:00:56]} Rxd5 {[%emt 0:01:30]} 37. Qxd5+ {[%emt 0:00:16]} Be6 {[%emt 0:00:30]} 38. Qa8+ {[%emt 0:00:20]} Kf7 {[%emt 0:01:30]} 39. Bd4 {[%emt 0:00:12]} Qc7 {[%emt 0:01:30]} 40. Kf2 {[%emt 0:00:32]} Rh1 {[%emt 0:01:30]} 41. Qe4 {[%emt 0:00:33]} Nd2 {[%emt 0:00:30]} 42. Qc2 {[%emt 0:01:03]} Rf1+ {[%emt 0:02:30]} 43. Ke2 {[%emt 0:00:13]} Bc4+ {[%emt 0:00:30]} 44. Kxd2 {[%emt 0:00:46]} Qf4+ {[%emt 0:01:30]} 0-1

[Event "1st Sivas Buruciye Open 2019"]
[Site "Sivas"]
[Date "2019.08.20"]
[Round "3"]
[White "Kiziltas, Inanc Vefa"]
[Black "Shabanov, Abdulla"]
[Result "1-0"]
[WhiteElo "1826"]
[BlackElo "1776"]
[Annotator "NA"]
[PlyCount "103"]
[EventDate "2019.08.19"]
[EventType "swiss"]
[EventCountry "TUR"]
[SourceTitle "playchess.com"]
[Source "ChessBase"]
[SourceQuality "1"]
[TimeControl "5400+30"]

1. e4 {[%emt 0:01:30]} c5 {[%emt 0:01:30]} 2. Nf3 {[%emt 0:00:30]} d6 {[%emt 0:01:30]} 3. d4 {[%emt 0:00:30]} cxd4 {[%emt 0:00:30]} 4. Nxd4 {[%emt 0:00:00]} Nf6 {[%emt 0:00:30]} 5. Nc3 {[%emt 0:00:00]} g6 {[%emt 0:00:00]} 6. Be2 {[%emt 0:00:30]} Bg7 {[%emt 0:02:00]} 7. O-O {[%emt 0:01:30]} Nc6 {[%emt 0:01:30]} 8. Be3 {[%emt 0:00:00]} O-O {[%emt 0:01:30]} 9. h3 {[%emt 0:00:00]} Bd7 {[%emt 0:08:30]} 10. Qd2 {[%emt 0:03:30]} Nxd4 {[%emt 0:07:30]} 11. Bxd4 {[%emt 0:00:00]} Bc6 {[%emt 0:02:30]} 12. Bf3 {[%emt 0:00:00]} Qa5 {[%emt 0:10:30]} 13. Rad1 {[%emt 0:04:30]} Rac8 {[%emt 0:14:30]} 14. Nd5 {[%emt 0:13:30]} Qxd2 {[%emt 0:02:30]} 15. Nxe7+ {[%emt 0:01:30]} Kh8 {[%emt 0:00:30]} 16. Rxd2 {[%emt 0:00:30]} Rc7 {[%emt 0:14:30]} 17. Nxc6 {[%emt 0:03:30]} bxc6 {[%emt 0:03:30]} 18. c3 {[%emt 0:01:30]} Ne8 {[%emt 0:08:19]} 19. Rfd1 {[%emt 0:02:30]} f5 {[%emt 0:02:21]} 20. exf5 {[%emt 0:02:30]} Rxf5 {[%emt 0:02:03]} 21. Re2 {[%emt 0:01:30]} Rf8 {[%emt 0:04:50]} 22. Rde1 {[%emt 0:00:30]} Bxd4 {[%emt 0:02:59]} 23. cxd4 {[%emt 0:00:30]} Nf6 {[%emt 0:00:35]} 24. Re7 {[%emt 0:00:30]} Rfc8 {[%emt 0:01:12]} 25. Rxc7 {[%emt 0:01:30]} Rxc7 {[%emt 0:00:30]} 26. Re6 {[%emt 0:00:00]} Kg7 {[%emt 0:02:44]} 27. Rxd6 {[%emt 0:00:00]} c5 {[%emt 0:00:00]} 28. dxc5 {[%emt 0:02:30]} Rxc5 {[%emt 0:00:05]} 29. Rc6 {[%emt 0:00:30]} Rxc6 {[%emt 0:04:57]} 30. Bxc6 {[%emt 0:00:30]} Kf7 {[%emt 0:00:30]} 31. g4 {[%emt 0:00:30]} g5 {[%emt 0:00:30]} 32. Kg2 {[%emt 0:00:30]} Ke6 {[%emt 0:00:00]} 33. b4 {[%emt 0:01:30]} Ke5 {[%emt 0:01:04]} 34. Kg3 {[%emt 0:00:30]} h6 {[%emt 0:00:01]} 35. h4 {[%emt 0:01:30]} Kd4 {[%emt 0:00:32]} 36. hxg5 {[%emt 0:00:30]} hxg5 {[%emt 0:00:01]} 37. f4 {[%emt 0:00:30]} gxf4+ {[%emt 0:01:12]} 38. Kxf4 {[%emt 0:00:00]} Kc4 {[%emt 0:00:45]} 39. b5 {[%emt 0:00:00]} Ng8 {[%emt 0:00:17]} 40. Ke5 {[%emt 0:00:30]} Nh6 {[%emt 0:00:25]} 41. g5 {[%emt 0:00:30]} Nf7+ {[%emt 0:00:37]} 42. Kf6 {[%emt 0:00:30]} Nxg5 {[%emt 0:00:14]} 43. Kxg5 {[%emt 0:00:00]} Kc5 {[%emt 0:00:02]} 44. a4 {[%emt 0:00:00]} Kb6 {[%emt 0:01:01]} 45. Kf6 {[%emt 0:00:30]} a6 {[%emt 0:00:48]} 46. Ke6 {[%emt 0:00:30]} axb5 {[%emt 0:00:36]} 47. axb5 {[%emt 0:00:30]} Kc7 {[%emt 0:00:00]} 48. Kd5 {[%emt 0:00:00]} Kb6 {[%emt 0:00:29]} 49. Kd6 {[%emt 0:00:00]} Ka7 {[%emt 0:00:00]} 50. Kc5 {[%emt 0:00:30]} Kb8 {[%emt 0:00:22]} 51. b6 {[%emt 0:00:30]} Kc8 {[%emt 0:00:00]} 52. Kb5 {[%emt 0:00:00]} 1-0

[Event "1st Sivas Buruciye Open 2019"]
[Site "Sivas"]
[Date "2019.08.20"]
[Round "3"]
[White "Gurbanov, Ismayil"]
[Black "Sabahi, Ali Can"]
[Result "0-1"]
[WhiteElo "1738"]
[BlackElo "1825"]
[Annotator "NA"]
[PlyCount "98"]
[EventDate "2019.08.19"]
[EventType "swiss"]
[EventCountry "TUR"]
[SourceTitle "playchess.com"]
[Source "ChessBase"]
[SourceQuality "1"]
[TimeControl "5400+30"]

1. e4 {[%emt 0:04:30]} e6 {[%emt 0:00:30]} 2. d4 {[%emt 0:00:30]} d5 {[%emt 0:00:00]} 3. Nd2 c5 {[%emt 0:00:00]} 4. exd5 {[%emt 0:02:00]} exd5 {[%emt 0:00:30]} 5. Ngf3 {[%emt 0:00:00]} Nc6 {[%emt 0:00:30]} 6. dxc5 {[%emt 0:05:00]} Bxc5 {[%emt 0:00:30]} 7. Nb3 {[%emt 0:00:00]} Bd6 {[%emt 0:00:30]} 8. Be2 {[%emt 0:01:00]} Nge7 {[%emt 0:00:00]} 9. O-O {[%emt 0:00:00]} O-O {[%emt 0:00:00]} 10. c3 {[%emt 0:01:00]} Bg4 {[%emt 0:01:30]} 11. Nfd4 {[%emt 0:00:30]} Bxe2 {[%emt 0:01:30]} 12. Qxe2 {[%emt 0:07:30]} Rc8 {[%emt 0:01:30]} 13. Bg5 {[%emt 0:01:30]} Qc7 {[%emt 0:03:30]} 14. h3 {[%emt 0:04:30]} a6 {[%emt 0:00:30]} 15. Rfe1 {[%emt 0:04:30]} Qd7 {[%emt 0:02:30]} 16. Rad1 {[%emt 0:06:30]} Ng6 {[%emt 0:04:30]} 17. Nxc6 {[%emt 0:18:30]} bxc6 {[%emt 0:01:30]} 18. c4 {[%emt 0:01:30]} Bb8 {[%emt 0:04:30]} 19. cxd5 {[%emt 0:10:30]} cxd5 {[%emt 0:00:30]} 20. Qxa6 {[%emt 0:00:00]} Qf5 {[%emt 0:07:30]} 21. Bd2 {[%emt 0:08:00]} Be5 {[%emt 0:05:30]} 22. Bb4 {[%emt 0:17:13]} Rfd8 {[%emt 0:30:30]} 23. Ba5 {[%emt 0:00:32]} Re8 {[%emt 0:13:48]} 24. Bc3 {[%emt 0:01:42]} Bxc3 {[%emt 0:07:21]} 25. bxc3 {[%emt 0:00:42]} Nf4 {[%emt 0:00:13]} 26. Qb5 {[%emt 0:03:23]} Red8 {[%emt 0:01:42]} 27. Re3 {[%emt 0:00:07]} Rb8 {[%emt 0:01:51]} 28. Qf1 {[%emt 0:01:27]} h5 {[%emt 0:02:12]} 29. Nd4 {[%emt 0:00:25]} Qd7 {[%emt 0:01:29]} 30. Rf3 {[%emt 0:00:55]} Ng6 {[%emt 0:00:14]} 31. Re1 {[%emt 0:00:27]} Rb2 {[%emt 0:00:41]} 32. Re2 {[%emt 0:00:57]} Rdb8 {[%emt 0:00:21]} 33. Kh2 {[%emt 0:00:34]} Qc7+ {[%emt 0:02:35]} 34. g3 {[%emt 0:00:12]} Qc4 {[%emt 0:00:00]} 35. Qe1 {[%emt 0:00:49]} Rb1 {[%emt 0:04:00]} 36. Qd2 {[%emt 0:00:29]} f6 {[%emt 0:01:34]} 37. Qd3 {[%emt 0:00:33]} Ne5 {[%emt 0:00:55]} 38. Rxe5 {[%emt 0:00:02]} Qxd3 {[%emt 0:00:24]} 39. Rxd3 {[%emt 0:00:30]} fxe5 {[%emt 0:00:30]} 40. Nc6 {[%emt 0:00:30]} e4 {[%emt 0:00:30]} 41. Rxd5 {[%emt 0:00:30]} R8b2 {[%emt 0:00:30]} 42. Rf5 {[%emt 0:00:30]} g6 {[%emt 0:00:30]} 43. Rf6 {[%emt 0:00:30]} e3 {[%emt 0:00:30]} 44. Rxg6+ {[%emt 0:00:30]} Kf7 {[%emt 0:00:30]} 45. Ne5+ {[%emt 0:00:30]} Ke8 {[%emt 0:00:30]} 46. Re6+ {[%emt 0:00:30]} Kd8 {[%emt 0:00:30]} 47. Nd3 {[%emt 0:00:30]} exf2 {[%emt 0:00:25]} 48. Rd6+ {[%emt 0:00:00]} Kc7 {[%emt 0:00:39]} 49. Rf6 {[%emt 0:00:00]} f1=Q+ {[%emt 0:00:13]} 0-1

[Event "1st Sivas Buruciye Open 2019"]
[Site "Sivas"]
[Date "2019.08.20"]
[Round "3"]
[White "Karahan, Anil"]
[Black "Karimov, Joshgun"]
[Result "1-0"]
[WhiteElo "1721"]
[BlackElo "1719"]
[Annotator "NA"]
[PlyCount "91"]
[EventDate "2019.08.19"]
[EventType "swiss"]
[EventCountry "TUR"]
[SourceTitle "playchess.com"]
[Source "ChessBase"]
[SourceQuality "1"]
[TimeControl "5400+30"]

1. d4 {[%emt 0:00:30]} Nf6 {[%emt 0:00:30]} 2. Nf3 {[%emt 0:00:00]} b5 {[%emt 0:00:30]} 3. e4 {[%emt 0:09:00]} Nxe4 {[%emt 0:03:30]} 4. Bxb5 {[%emt 0:00:00]} Bb7 {[%emt 0:02:30]} 5. Qe2 {[%emt 0:01:00]} e6 {[%emt 0:02:30]} 6. O-O {[%emt 0:04:30]} Be7 {[%emt 0:02:30]} 7. Nbd2 {[%emt 0:02:30]} Nxd2 {[%emt 0:06:30]} 8. Bxd2 {[%emt 0:00:30]} O-O {[%emt 0:00:00]} 9. Rfe1 {[%emt 0:02:30]} d6 {[%emt 0:15:00]} 10. c4 {[%emt 0:01:30]} c6 {[%emt 0:03:30]} 11. Ba4 {[%emt 0:02:30]} Nd7 {[%emt 0:03:30]} 12. b4 {[%emt 0:19:30]} Bf6 {[%emt 0:07:30]} 13. Rab1 {[%emt 0:11:30]} a6 {[%emt 0:04:30]} 14. Bf4 {[%emt 0:07:30]} Be7 {[%emt 0:03:30]} 15. Bb3 {[%emt 0:01:30]} Re8 {[%emt 0:07:30]} 16. Qd2 {[%emt 0:02:30]} Nf8 {[%emt 0:01:30]} 17. Ba4 {[%emt 0:09:30]} Nd7 {[%emt 0:02:30]} 18. Rec1 {[%emt 0:03:41]} Rc8 {[%emt 0:04:30]} 19. Bc2 {[%emt 0:02:01]} Nf8 {[%emt 0:02:30]} 20. a4 {[%emt 0:03:22]} Ng6 {[%emt 0:00:30]} 21. Bg3 {[%emt 0:00:18]} Ba8 {[%emt 0:05:43]} 22. c5 {[%emt 0:02:32]} d5 {[%emt 0:03:01]} 23. Bd3 {[%emt 0:00:47]} Bb7 {[%emt 0:00:21]} 24. Qe2 {[%emt 0:00:16]} Ra8 {[%emt 0:02:27]} 25. b5 {[%emt 0:01:01]} axb5 {[%emt 0:00:30]} 26. axb5 {[%emt 0:00:00]} Bf6 {[%emt 0:02:30]} 27. b6 {[%emt 0:08:08]} Qd7 {[%emt 0:04:06]} 28. Qb2 {[%emt 0:01:08]} Rec8 {[%emt 0:03:15]} 29. Ra1 {[%emt 0:00:15]} Rxa1 {[%emt 0:05:21]} 30. Rxa1 {[%emt 0:00:02]} Ra8 {[%emt 0:01:45]} 31. Rxa8+ {[%emt 0:02:16]} Bxa8 {[%emt 0:00:04]} 32. Qa3 {[%emt 0:00:28]} Bb7 {[%emt 0:00:31]} 33. Qa7 {[%emt 0:01:04]} Qc8 {[%emt 0:00:16]} 34. Bxg6 {[%emt 0:01:12]} hxg6 {[%emt 0:00:09]} 35. Be5 {[%emt 0:00:17]} Kf8 {[%emt 0:01:45]} 36. Bxf6 {[%emt 0:01:11]} gxf6 {[%emt 0:00:02]} 37. h3 {[%emt 0:00:20]} Qa8 {[%emt 0:00:59]} 38. Qxa8+ {[%emt 0:00:40]} Bxa8 {[%emt 0:00:30]} 39. Nd2 {[%emt 0:00:30]} Ke8 {[%emt 0:00:30]} 40. Nb3 {[%emt 0:00:30]} Kd7 {[%emt 0:00:30]} 41. Na5 {[%emt 0:00:30]} Kc8 {[%emt 0:00:30]} 42. Kf1 {[%emt 0:00:30]} e5 {[%emt 0:00:30]} 43. Ke2 {[%emt 0:00:00]} e4 {[%emt 0:00:24]} 44. Ke3 {[%emt 0:00:00]} f5 {[%emt 0:00:13]} 45. Kf4 {[%emt 0:00:00]} f6 {[%emt 0:00:13]} 46. g4 {[%emt 0:00:03]} 1-0

[Event "1st Sivas Buruciye Open 2019"]
[Site "Sivas"]
[Date "2019.08.20"]
[Round "3"]
[White "Can, Ilhan"]
[Black "Khvadagiani, Nika"]
[Result "0-1"]
[WhiteElo "1683"]
[BlackElo "1880"]
[Annotator "NA"]
[PlyCount "96"]
[EventDate "2019.08.19"]
[EventType "swiss"]
[EventCountry "TUR"]
[SourceTitle "playchess.com"]
[Source "ChessBase"]
[SourceQuality "1"]
[TimeControl "5400+30"]

1. e4 {[%emt 0:00:30]} c5 {[%emt 0:05:30]} 2. Nf3 {[%emt 0:00:30]} Nc6 {[%emt 0:00:30]} 3. Bb5 {[%emt 0:00:30]} g6 {[%emt 0:00:00]} 4. O-O {[%emt 0:01:30]} Bg7 {[%emt 0:01:00]} 5. d3 {[%emt 0:00:30]} e5 {[%emt 0:02:30]} 6. Be3 {[%emt 0:03:30]} Nd4 {[%emt 0:01:30]} 7. Bc4 {[%emt 0:00:30]} d6 {[%emt 0:00:30]} 8. c3 {[%emt 0:00:30]} Ne6 {[%emt 0:05:30]} 9. d4 {[%emt 0:02:30]} cxd4 {[%emt 0:01:30]} 10. cxd4 {[%emt 0:00:30]} Ne7 {[%emt 0:00:00]} 11. Bb5+ {[%emt 0:04:30]} Bd7 {[%emt 0:00:00]} 12. Bxd7+ {[%emt 0:00:30]} Qxd7 {[%emt 0:00:30]} 13. dxe5 {[%emt 0:00:00]} dxe5 {[%emt 0:00:30]} 14. Qxd7+ {[%emt 0:01:00]} Kxd7 {[%emt 0:00:30]} 15. Rd1+ {[%emt 0:00:00]} Kc7 {[%emt 0:00:00]} 16. Na3 {[%emt 0:01:00]} a6 {[%emt 0:01:00]} 17. Nc4 {[%emt 0:01:30]} Nd4 {[%emt 0:03:30]} 18. Ncxe5 {[%emt 0:04:30]} Nxf3+ {[%emt 0:00:30]} 19. Nxf3 {[%emt 0:00:00]} Rad8 {[%emt 0:04:30]} 20. Bf4+ {[%emt 0:01:00]} Kc8 {[%emt 0:00:30]} 21. Ne5 {[%emt 0:03:30]} Bxe5 {[%emt 0:08:30]} 22. Bxe5 {[%emt 0:01:30]} Rhe8 {[%emt 0:00:30]} 23. Bf6 {[%emt 0:01:30]} Rxd1+ {[%emt 0:00:30]} 24. Rxd1 {[%emt 0:00:00]} Ng8 {[%emt 0:00:30]} 25. Bg5 {[%emt 0:10:00]} Rxe4 {[%emt 0:07:30]} 26. f3 {[%emt 0:11:30]} Re8 {[%emt 0:00:30]} 27. Kf2 {[%emt 0:00:30]} f6 {[%emt 0:03:30]} 28. Bf4 {[%emt 0:00:30]} Re6 {[%emt 0:00:30]} 29. Rc1+ {[%emt 0:01:30]} Kd8 {[%emt 0:05:30]} 30. a4 {[%emt 0:01:30]} Ne7 {[%emt 0:00:30]} 31. Rd1+ {[%emt 0:04:30]} Kc8 {[%emt 0:01:30]} 32. b4 {[%emt 0:02:30]} b5 {[%emt 0:04:30]} 33. axb5 {[%emt 0:01:30]} axb5 {[%emt 0:00:00]} 34. Rc1+ {[%emt 0:03:30]} Rc6 {[%emt 0:04:00]} 35. Rxc6+ {[%emt 0:01:30]} Nxc6 {[%emt 0:00:30]} 36. Bd2 {[%emt 0:01:30]} Kd7 {[%emt 0:00:00]} 37. Ke3 {[%emt 0:01:30]} Ke6 {[%emt 0:00:00]} 38. Kd3 {[%emt 0:12:30]} Kd5 {[%emt 0:01:30]} 39. Kc3 {[%emt 0:00:30]} h5 {[%emt 0:04:30]} 40. h4 {[%emt 0:02:30]} Ke5 {[%emt 0:06:30]} 41. Kd3 {[%emt 0:00:30]} f5 {[%emt 0:06:30]} 42. Bc3+ {[%emt 0:03:21]} Kf4 {[%emt 0:01:30]} 43. Be1 {[%emt 0:01:49]} g5 {[%emt 0:09:45]} 44. Bd2+ {[%emt 0:07:32]} Kg3 {[%emt 0:00:06]} 45. hxg5 {[%emt 0:00:50]} Kxg2 {[%emt 0:00:03]} 46. Ke3 {[%emt 0:00:53]} h4 {[%emt 0:00:30]} 47. g6 {[%emt 0:00:35]} Ne7 {[%emt 0:00:04]} 48. g7 {[%emt 0:04:12]} h3 {[%emt 0:00:08]} 0-1

[Event "1st Sivas Buruciye Open 2019"]
[Site "Sivas"]
[Date "2019.08.20"]
[Round "3"]
[White "Duru, Ipek"]
[Black "Demir, Ugur"]
[Result "0-1"]
[WhiteElo "1659"]
[BlackElo "1790"]
[Annotator "NA"]
[PlyCount "98"]
[EventDate "2019.08.19"]
[EventType "swiss"]
[EventCountry "TUR"]
[SourceTitle "playchess.com"]
[Source "ChessBase"]
[SourceQuality "1"]
[TimeControl "5400+30"]

1. e4 {[%emt 0:00:30]} b6 {[%emt 0:00:30]} 2. d4 {[%emt 0:00:30]} Bb7 {[%emt 0:00:30]} 3. Bd3 {[%emt 0:00:30]} Nf6 {[%emt 0:00:30]} 4. Qe2 {[%emt 0:00:30]} e6 {[%emt 0:00:00]} 5. Nf3 {[%emt 0:00:00]} d5 {[%emt 0:04:00]} 6. e5 {[%emt 0:00:00]} Nfd7 {[%emt 0:00:00]} 7. c3 {[%emt 0:00:00]} c5 {[%emt 0:00:00]} 8. O-O {[%emt 0:00:00]} Be7 {[%emt 0:01:30]} 9. Re1 {[%emt 0:01:30]} Nc6 {[%emt 0:00:30]} 10. Nbd2 {[%emt 0:00:00]} g5 {[%emt 0:04:30]} 11. h3 {[%emt 0:04:00]} Nf8 {[%emt 0:13:30]} 12. Nf1 {[%emt 0:01:30]} Ng6 {[%emt 0:01:30]} 13. Bxg6 {[%emt 0:03:30]} hxg6 {[%emt 0:01:30]} 14. N1h2 {[%emt 0:00:30]} a5 {[%emt 0:12:30]} 15. Be3 {[%emt 0:03:30]} cxd4 {[%emt 0:02:30]} 16. cxd4 {[%emt 0:02:30]} Ba6 {[%emt 0:01:30]} 17. Qd1 {[%emt 0:00:30]} Nb4 {[%emt 0:02:30]} 18. a3 {[%emt 0:05:30]} Nd3 {[%emt 0:05:30]} 19. Re2 {[%emt 0:03:30]} Rc8 {[%emt 0:09:30]} 20. Qd2 {[%emt 0:04:30]} Nc1 {[%emt 0:01:30]} 21. Rxc1 {[%emt 0:02:30]} Rxc1+ {[%emt 0:00:30]} 22. Qxc1 {[%emt 0:00:30]} Bxe2 {[%emt 0:00:00]} 23. Nxg5 {[%emt 0:00:30]} Ba6 {[%emt 0:10:00]} 24. Qc6+ {[%emt 0:04:30]} Kf8 {[%emt 0:02:30]} 25. Nhf3 {[%emt 0:02:30]} Bc8 {[%emt 0:02:30]} 26. h4 {[%emt 0:05:30]} Bd7 {[%emt 0:02:30]} 27. Qc1 {[%emt 0:01:30]} Qc8 {[%emt 0:00:30]} 28. Qd2 {[%emt 0:00:30]} Qc4 {[%emt 0:00:30]} 29. Nh3 {[%emt 0:03:30]} Bb5 {[%emt 0:02:14]} 30. Bh6+ {[%emt 0:06:30]} Ke8 {[%emt 0:02:12]} 31. Qf4 {[%emt 0:04:30]} Qd3 {[%emt 0:01:47]} 32. Kh2 {[%emt 0:03:30]} Qf5 {[%emt 0:00:51]} 33. Qc1 {[%emt 0:00:30]} Kd7 {[%emt 0:00:21]} 34. Ne1 {[%emt 0:01:30]} Bxh4 {[%emt 0:02:29]} 35. Nf3 {[%emt 0:03:30]} Be7 {[%emt 0:01:55]} 36. Qe3 {[%emt 0:01:30]} Qe4 {[%emt 0:02:08]} 37. Qb3 {[%emt 0:01:30]} Qd3 {[%emt 0:00:28]} 38. Qxd3 {[%emt 0:00:30]} Bxd3 {[%emt 0:00:04]} 39. Bd2 {[%emt 0:00:30]} Bf5 {[%emt 0:01:40]} 40. Kg3 {[%emt 0:03:30]} Bxh3 {[%emt 0:02:26]} 41. gxh3 {[%emt 0:00:30]} Rc8 {[%emt 0:00:04]} 42. Ne1 {[%emt 0:00:30]} Kc6 {[%emt 0:00:09]} 43. Kf3 {[%emt 0:05:30]} Kb5 {[%emt 0:00:12]} 44. Nd3 {[%emt 0:05:04]} Kc4 {[%emt 0:01:06]} 45. Ke2 {[%emt 0:00:43]} Kb3 {[%emt 0:00:57]} 46. f4 {[%emt 0:01:07]} Rh8 {[%emt 0:01:19]} 47. Bc3 {[%emt 0:00:57]} Rxh3 {[%emt 0:00:26]} 48. Bd2 {[%emt 0:00:30]} Rxd3 {[%emt 0:01:57]} 49. Kxd3 {[%emt 0:00:30]} Kxb2 {[%emt 0:00:00]} 0-1

[Event "1st Sivas Buruciye Open 2019"]
[Site "Sivas"]
[Date "2019.08.20"]
[Round "3"]
[White "Samli, Ibrahim"]
[Black "Ercan, Mehmet Fahri"]
[Result "0-1"]
[WhiteElo "1655"]
[BlackElo "1854"]
[Annotator "NA"]
[PlyCount "76"]
[EventDate "2019.08.19"]
[EventType "swiss"]
[EventCountry "TUR"]
[SourceTitle "playchess.com"]
[Source "ChessBase"]
[SourceQuality "1"]
[TimeControl "5400+30"]

1. e4 {[%emt 0:00:30]} c5 {[%emt 0:12:30]} 2. Nf3 {[%emt 0:00:30]} d6 {[%emt 0:00:30]} 3. d4 {[%emt 0:00:30]} cxd4 {[%emt 0:00:30]} 4. Nxd4 {[%emt 0:00:30]} Nf6 {[%emt 0:00:00]} 5. Nc3 {[%emt 0:00:00]} Bd7 {[%emt 0:01:00]} 6. Bc4 {[%emt 0:04:00]} Qc7 {[%emt 0:01:30]} 7. Bb3 {[%emt 0:00:00]} a6 {[%emt 0:00:30]} 8. Bg5 {[%emt 0:02:00]} e6 {[%emt 0:00:30]} 9. Bxf6 {[%emt 0:01:30]} gxf6 {[%emt 0:00:30]} 10. Qh5 {[%emt 0:02:30]} Qc5 {[%emt 0:02:30]} 11. Qxc5 {[%emt 0:03:30]} dxc5 {[%emt 0:00:30]} 12. Nf3 {[%emt 0:01:30]} b5 {[%emt 0:01:30]} 13. a3 {[%emt 0:01:30]} Bc6 {[%emt 0:04:30]} 14. Nd2 {[%emt 0:01:30]} Nd7 {[%emt 0:02:30]} 15. Ne2 {[%emt 0:02:30]} c4 {[%emt 0:01:30]} 16. Ba2 {[%emt 0:00:30]} Nc5 {[%emt 0:00:00]} 17. Nc3 {[%emt 0:01:30]} Bh6 {[%emt 0:02:00]} 18. f3 {[%emt 0:00:30]} Rg8 {[%emt 0:01:30]} 19. g3 {[%emt 0:01:30]} O-O-O {[%emt 0:00:30]} 20. O-O-O {[%emt 0:02:30]} f5 {[%emt 0:08:30]} 21. Rhe1 {[%emt 0:02:30]} fxe4 {[%emt 0:02:30]} 22. Ncxe4 {[%emt 0:03:30]} Nxe4 {[%emt 0:00:30]} 23. fxe4 {[%emt 0:00:30]} Rd4 {[%emt 0:00:30]} 24. c3 {[%emt 0:03:30]} Rxd2 {[%emt 0:02:30]} 25. Rxd2 {[%emt 0:01:30]} Rd8 {[%emt 0:00:30]} 26. Ree2 {[%emt 0:00:30]} Rxd2 {[%emt 0:00:00]} 27. Rxd2 {[%emt 0:00:30]} Bxe4 {[%emt 0:00:00]} 28. b3 {[%emt 0:02:30]} Bd3 {[%emt 0:02:30]} 29. Kd1 {[%emt 0:09:30]} Bxd2 {[%emt 0:00:30]} 30. Kxd2 {[%emt 0:00:00]} e5 {[%emt 0:00:30]} 31. a4 {[%emt 0:15:00]} Kd7 {[%emt 0:00:30]} 32. axb5 {[%emt 0:07:30]} axb5 {[%emt 0:00:30]} 33. bxc4 {[%emt 0:00:30]} bxc4 {[%emt 0:00:30]} 34. Kc1 {[%emt 0:08:30]} Ke6 {[%emt 0:01:30]} 35. Bb1 {[%emt 0:01:30]} Bxb1 {[%emt 0:01:30]} 36. Kxb1 {[%emt 0:00:30]} Kf5 {[%emt 0:00:00]} 37. Kc2 {[%emt 0:00:30]} Kg4 {[%emt 0:00:00]} 38. Kd2 {[%emt 0:00:30]} Kf3 {[%emt 0:00:30]} 0-1